000 01145nas a2200337 4500
001 BR2021000189
003 BR-BrBNA
005 20231205132128.0
007 ta
008 230509b bl.|||p| |||| 00| 00por d
040 _aBR-BrBNA
_bpor
_cBiblioteca Nacional de Agricultura
041 _a(Pt)
072 _aF01; F02; K10
100 1 _aKlein, J.
100 1 _aRodrigues, J.D.
100 1 _aKestring, D
100 1 _aRampim,L.
100 1 _aAleixo, V.
100 1 _aBattistus, A.G.
245 1 _aDesenvolvimento inicial de plântulas de Peltophorum dubium (Spreng.)Taub. sob protetores físicos com diferentes níveis de luminosidade
650 _aCANAFÍSTULA
650 _aREFLORESTAMENTO
650 _aREVEGETAÇÃO
650 _aPLANTIO DIRETO
650 _aESPÉCIE NATIVA
773 0 _tNativa. Pesquisas Agrárias e Ambientais (Brazil)
_xISSN 2318-7670
_g(Mar-Apr 2017), v. 5(2) p. 92-100
_wBR2021000189
856 4 0 _uhttps://periodicoscientificos.ufmt.br/ojs/index.php/nativa/article/view/3727/pdf_1
856 4 0 _dLink DSPACE/MAPA BR2021000189
909 _a202311
_bLúcia
_c55
_dLúcia Elande
942 _2AGRIS
_n0
_cANA
999 _c258629
_d258629